Quỷ đưa đường: Tuyển tập truyện ngắn thế giới chọn lọc

Uloženo v:
Podrobná bibliografie
Hlavní autor: Quỷ đưa đường: Tuyển tập truyện ngắn thế giới chọn lọc
Médium: Kniha
Jazyk:Undetermined
Vydáno: Hà Nội VHTT 1997
Témata:
Tagy: Přidat tag
Žádné tagy, Buďte první, kdo otaguje tento záznam!
Thư viện lưu trữ: Trung tâm Học liệu Trường Đại học Cần Thơ
LEADER 00688nam a2200169Ia 4500
001 CTU_20798
008 210402s9999 xx 000 0 und d
082 |a 808.83 
082 |b Qu600 
100 |a Quỷ đưa đường: Tuyển tập truyện ngắn thế giới chọn lọc 
245 0 |a Quỷ đưa đường: Tuyển tập truyện ngắn thế giới chọn lọc 
245 0 |c Quỷ đưa đường: Tuyển tập truyện ngắn thế giới chọn lọc, Nguyễn Văn Toại 
260 |a Hà Nội 
260 |b VHTT 
260 |c 1997 
650 |a short stories 
980 |a Trung tâm Học liệu Trường Đại học Cần Thơ